El mundo pirata de Barbanegra / (Registro nro. 37285)

Detalles MARC
000 -CABECERA
Longitud fija campo de control 01046nam a22003018a 4500
003 - • IDENTIFICADOR DELl NÚMERO DE CONTROL
Identificador del número de control CO-ViMGA
005 - • FECHA Y HORA DE LA ÚLTIMA TRANSACCIÓN
Fecha y hora de la última transacción 20230915233612.0
008 - • CÓDIGOS DE INFORMACIÓN DE LONGITUD FIJA
Códigos de información de longitud fija 151111s2015 ck a gr 0000f spa d
020 ## - • NÚMERO INTERNACIONAL NORMALIZADO PARA LIBROS
Número Internacional Normalizado para Libros (ISBN) 9789583047756
040 ## - FUENTE DE LA CATALOGACIÓN
Centro catalogador de origen CO-ViMGA
Lengua de catalogación spa
Centro transcriptor CO-ViMGA
041 0# - • CÓDIGO DE LENGUA
Código de lengua original eng
043 ## - CÓDIGO DE ÁREA GEOGRÁFICA
Código de área geográfica e-uk-en
082 04 - • NÚMERO DE LA CLASIFICACIÓN DECIMAL DEWEY
Número de clasificación (R) 823.91
Número del ítem T31m
Número de edición 19
110 1# - • PUNTO DE ACCESO PRINCIPAL-NOMBRE DE ENTIDAD CORPORATIVA
Nombre de entidad corporativa o nombre de jurisdicción como elemento inicial Carlton Books.
245 13 - • TITULO PROPIAMENTE DICHO
Título El mundo pirata de Barbanegra /
Mención de responsabilidad, etc. Carlton Books ; traductora Diana Lp̤ez de Mesa Oses.
250 ## - • MENCIÓN DE EDICIÓN
Mención de edición Editor Javier R. Mahecha Lop̤ez.
300 ## - • DESCRIPCIÓN FÍSICA
Extensión 80 páginas :
Otras características físicas ilustraciones, fotografías, mapas ;
Dimensiones 30 cm.
534 ## - • Nota De Versión Original
-- Título original :
Título Blackbeard's pirate world.
650 14 - • PUNTO DE ACCESO ADICIONAL DE MATERIA - TÉRMINO DE MATERIA
Término de materia o nombre geográfico como elemento inicial Historias de aventuras.
650 14 - • PUNTO DE ACCESO ADICIONAL DE MATERIA - TÉRMINO DE MATERIA
Término de materia o nombre geográfico como elemento inicial Niños
Subdivisión de forma Novela juvenil.
650 14 - • PUNTO DE ACCESO ADICIONAL DE MATERIA - TÉRMINO DE MATERIA
Término de materia o nombre geográfico como elemento inicial Novela juvenil inglesa.
650 14 - • PUNTO DE ACCESO ADICIONAL DE MATERIA - TÉRMINO DE MATERIA
Término de materia o nombre geográfico como elemento inicial Piratas
Subdivisión de forma Novela juvenil.
700 1# - • PUNTO DE ACCESO ADICIONAL - NOMBRE DE PERSONA
Nombre de persona Lop̤ez de Mesa O., Diana,
Término indicativo de función traductora.
700 1# - • PUNTO DE ACCESO ADICIONAL - NOMBRE DE PERSONA
Nombre de persona Mahecha Lop̤ez, Javier R,
Término indicativo de función editor.
942 ## - ENTRADA DE ELEMENTOS AGREGADOS (KOHA)
Fuente de clasificaión o esquema Dewey Decimal Classification
Koha [por defecto] tipo de item LIbro
Existencias
Perdido Fuente de clasificación o esquema Estado Físico No para préstamo Forma de adquisición Localización permanente Localización actual Fecha adquisición Préstamos totales Signatura completa Código de barras Fecha última consulta Fecha del precio de reemplazo Tipo de item de Koha Prestado Fecha último préstamo
  Dewey Decimal Classification     Sala Infantil Segundo Piso Biblioteca Pública Germán Arciniegas - Villavicencio Biblioteca Pública Germán Arciniegas - Villavicencio 04/08/2020   I823.91 T31m 33206 11/03/2022 04/08/2020 LIbro    
  Dewey Decimal Classification     Sala Infantil Segundo Piso Biblioteca Pública Germán Arciniegas - Villavicencio Biblioteca Pública Germán Arciniegas - Villavicencio 04/08/2020 1 I823.91 T31m 33207 05/08/2026 04/08/2020 LIbro 05/18/2026 05/08/2026









Instituto Departamental de Cultura del Meta - Red Departamental de Bibliotecas Públicas del Meta.